Gandhis Vision and Values (Record no. 4144)

MARC details
000 -LEADER
fixed length control field 00382nam a22001697a 4500
005 - DATE AND TIME OF LATEST TRANSACTION
control field 20160627103437.0
008 - FIXED-LENGTH DATA ELEMENTS--GENERAL INFORMATION
fixed length control field 160627b xxu||||| |||| 00| 0 eng d
020 ## - INTERNATIONAL STANDARD BOOK NUMBER
ISBN 81-7036-690-9
041 ## - LANGUAGE CODE
Language code of text/sound track or separate title eng
082 ## - DEWEY DECIMAL CLASSIFICATION NUMBER
Item number 10395
100 ## - MAIN ENTRY--AUTHOR NAME
Personal name Pinto, Vivek
245 ## - TITLE STATEMENT
Title Gandhis Vision and Values
260 ## - PUBLICATION, DISTRIBUTION, ETC. (IMPRINT)
Name of publisher Sage
Year of publication 2001
300 ## - PHYSICAL DESCRIPTION
Number of Pages 162
650 ## - SUBJECT ADDED ENTRY--TOPICAL TERM
Topical Term Management
942 ## - ADDED ENTRY ELEMENTS (KOHA)
Koha item type Books
Holdings
Lost status Damaged status Collection code Home library Current library Shelving location Date acquired Cost, normal purchase price Full call number Accession Number Koha item type
    ENGLISH LITERATURE JRU Library JRU Library SHELF-103-B 27/06/2016 380.00 954.03 10395 Books
    ENGLISH LITERATURE JRU Library JRU Library SHELF-103-B 27/06/2016 380.00 954.03 10396 Books
    LIFE SKILL JRU Library JRU Library SHELF-43-G 27/06/2016 380.00 10395 10397 Books